Statistics for Monster Hunter World / Rise - Monster

Click here to take the quiz!

General Stats

  • This quiz has been taken 16 times
    (15 since last reset)
  • The average score is 87 of 172

Answer Stats

HinweisHintAnswer% Correct
LargeLeviathansRAlmudron
100%
LargeLeviathansRMizutsune
100%
.Large.Flying WyvernRApex Rathalos
86%
.Large.Flying WyvernRApex Rathian
86%
.Large.Flying WyvernBBarioth
86%
LargeFanged BeastsBFurious Rajang
86%
.Large.Flying WyvernBGold Rathian
86%
LargeBird WyvernRGreat Baggi
86%
LargeBird WyvernRGreat Izuchi
86%
LargeBird WyvernRGreat Wroggi
86%
LargePiscine WyvernBJyuratodus
86%
SmallLeviathansRLudroth
86%
LargeFanged WyvernRMagnamalo
86%
LargeFanged BeastsBRajang
86%
.Large.Flying WyvernBRathalos
86%
.Large.Flying WyvernBRathian
86%
LargeLeviathansRRoyal Ludroth
86%
.Large.Flying WyvernBSilver Rathalos
86%
LargeRelictWAncient Leshen
71%
LargeFanged BeastsRApex Arzuros
71%
.Large.Flying WyvernRApex Diablos
71%
LargeFanged WyvernRApex Zinogre
71%
LargeFanged BeastsRArzuros
71%
.Large.Flying WyvernWAzure Rathalos
71%
SmallBird WyvernRBaggi
71%
LargeBrute WyvernBBarroth
71%
LargeFanged BeastsRBishaten
71%
.Large.Elder DragonRChameleos
71%
.Large.Elder DragonRCrimson Glow Valstrax
71%
.Large.Flying WyvernBDiablos
71%
SmallBird WyvernRIzuchi
71%
SmallBird WyvernRJaggi
71%
LargeBird WyvernBKulu Ya Ku
71%
.Large.Elder DragonBKushala Daora
71%
LargePiscine WyvernWLavasioth
71%
LargeRelictWLeshen
71%
.Large.Elder DragonWLunastra
71%
.Large.Flying WyvernBNargacuga
71%
.Large.Flying WyvernWPink Rathian
71%
LargeBird WyvernBPukei-Pukei
71%
.Large.Elder DragonBTeostra
71%
.Large.Elder DragonRThunder Serpent Narwa
71%
.Large.Flying WyvernBTigrex
71%
LargeFanged WyvernBTobi-Kadachi
71%
.Large.Elder DragonRWind Serpent Ibushi
71%
SmallBird WyvernRWroggi
71%
LargeFanged WyvernBZinogre
71%
.Large.Elder DragonRAmatsu
57%
LargeBrute WyvernBAnjanath
57%
LargeLeviathansRApex Mizutsune
57%
SmallHerbivoreWAptonoth
57%
.Large.Flying WyvernRBasarios
57%
.Large.Flying WyvernBBazelgeuse
57%
.Large.Elder DragonWBehemoth
57%
LargePiscine WyvernWBeotodus
57%
.Large.Flying WyvernWBlack Diablos
57%
LargeBrute WyvernWBrachydios
57%
.Large.Elder DragonRChaotic Gore Magala
57%
LargeBird WyvernWCoral Pukei-Pukei
57%
LargeBrute WyvernWDeviljho
57%
LargeFanged WyvernWDodogama
57%
SmallFanged WyvernWGirros
57%
.Large.Elder DragonRGore Magala
57%
LargeFanged WyvernWGreat Girros
57%
LargeFanged WyvernWGreat Jagras
57%
SmallBird WyvernRJaggia
57%
SmallFanged WyvernBJagras
57%
SmallHerbivoreBKelbi
57%
.Large.Flying WyvernRKhezu
57%
.Large.Elder DragonWKulve Taroth
57%
LargeFanged BeastsRLagombi
57%
.Large.Flying WyvernWLegiana
57%
LargeLeviathansRMagma Almudron
57%
.Large.Elder DragonRMalzeno
57%
.Large.Elder DragonRNarwa the Allmother
57%
.Large.Elder DragonWNergigante
57%
LargeFanged WyvernWOdogaron
57%
.Large.Flying WyvernWPaolumu
57%
LargeBrute WyvernWRadobaan
57%
LargeTemnoceransRRakna-Kadaki
57%
.Large.Elder DragonRRisen Chameleos
57%
.Large.Elder DragonRRisen Kushala Daora
57%
.Large.Elder DragonRRisen Teostra
57%
LargeFanged WyvernRScorned Magnamalo
57%
SmallFanged WyvernWShamos
57%
LargeBird WyvernWTzitzi Ya Ku
57%
LargeBrute WyvernWUragaan
57%
.Large.Elder DragonWVaal Hazak
57%
.Large.Elder DragonWXeno' Jiiva
57%
.Large.Elder DragonWZorah Magdaros
57%
LargeBrute WyvernWAcidic Glavenus
43%
.Large.Elder DragonWAlatreon
43%
SmallHerbivoreWApceros
43%
.Large.Flying WyvernRAstalos
43%
LargeBrute WyvernWBanbaro
43%
.Large.Elder DragonWBlackveil Vaal Hazak
43%
LargeCarapaceonsRDaimyo Hermitaur
43%
LargeFanged WyvernWEbony Odogaron
43%
.Large.Elder DragonWFatalis
43%
.Large.Flying WyvernWFrostfang Barioth
43%
LargeBrute WyvernWFulgur Anjanath
43%
SmallLyniansWGajalaka
43%
LargeBrute WyvernWGlavenus
43%
.Large.Elder DragonWKirin
43%
LargeFanged WyvernRLunagaron
43%
.Large.Elder DragonWNamielle
43%
.Large.Flying WyvernWNightshade Paolumu
43%
SmallWingdrakeWNoios
43%
.Large.Elder DragonRPrimordial Malzeno
43%
LargeBrute WyvernWRaging Brachydios
43%
SmallWingdrakeWRaphinos
43%
.Large.Elder DragonRRisen Crimson Glow Valstrax
43%
.Large.Elder DragonWRuiner Nergigante
43%
.Large.Elder DragonWSafi' Jiiva
43%
LargeBrute WyvernWSavage Deviljho
43%
LargeBird WyvernWScarred Yian Garuga
43%
.Large.Flying WyvernBSeething Bazelgeuse
43%
.Large.Elder DragonRShagaru Magala
43%
.Large.Elder DragonWShara Ishvalda
43%
LargeCarapaceonsRShogun Ceanataur
43%
.Large.Flying WyvernWShrieking Legiana
43%
LargeLeviathansRSomnacanth
43%
LargeFanged WyvernWStygian Zinogre
43%
.Large.Elder DragonBVelkhana
43%
LargeFanged WyvernWViper Tobi-Kadachi
43%
LargeFanged BeastsRVolvidon
43%
LargeBird WyvernWYian Garuga
43%
SmallAmphibiansRZamite
43%
LargeBird WyvernRAknosom
29%
SmallHerbivoreBAnteka
29%
SmallWingdrakeWBarnos
29%
LargeFanged BeastsRBlood Orange Bishaten
29%
SmallBird WyvernRBoggi
29%
.Large.Flying WyvernWBrute Tigrex
29%
.Large.Flying WyvernREspinas
29%
SmallLyniansRFelyne
29%
.Large.Elder DragonRGaismagorm
29%
SmallPiscine WyvernBGajau
29%
LargeFanged BeastsRGoss Harag
29%
SmallLyniansWGrimalkyne
29%
SmallNeopteronBHornetaur
29%
SmallHerbivoreBKestodon
29%
.Large.Flying WyvernRLucent Nargacuga
29%
SmallWingdrakeWMernos
29%
SmallHerbivoreWMosswine
29%
SmallHerbivoreBPopo
29%
LargeTemnoceransRPyre Rakna-Kadaki
29%
SmallTemnoceransRRachnoid
29%
SmallSnake WyvernRRemobra
29%
.Large.Elder DragonRRisen Shagaru Magala
29%
LargeAmphibianRTetranadon
29%
SmallNeopteronBVespoid
29%
SmallFanged WyvernWWulg
29%
SmallNeopteronRAltaroth
14%
LargeLeviathansRAurora Somnacanth
14%
SmallNeopteronRBnahabra
14%
SmallLyniansWBoaboa
14%
SmallWingdrakeWCortos
14%
SmallPiscine WyvernRDelex
14%
SmallBird WyvernRGargwa
14%
SmallHerbivoreWGastodon
14%
SmallLyniansRMelynx
14%
SmallTemnoceransRPyrantula
14%
SmallHerbivoreRRhenoplos
14%
.Large.Flying WyvernRSeregios
14%
SmallHerbivoreRSlagtoth
14%
SmallLeviathansRUroktor
14%
SmallBird WyvernRVelociprey
14%
SmallCarapaceonsRCeanataur
0%
LargeFanged BeastsRGarangolem
0%
SmallHerbivoreRGowngoat
0%
SmallCarapaceonsRHermitaur
0%

Score Distribution

Percentile by Number Answered

Percent of People with Each Score

Your Score History

You have not taken this quiz since the last reset